E-business / (Record no. 19184)
[ view plain ]
| 000 -LEADER | |
|---|---|
| fixed length control field | 00855nam a2200265 a 4500 |
| 001 - CONTROL NUMBER | |
| control field | 19184 |
| 003 - CONTROL NUMBER IDENTIFIER | |
| rucl marc code | BD-RjUL |
| 005 - DATE AND TIME OF LATEST TRANSACTION | |
| control field | 20211209000409.0 |
| 008 - FIXED-LENGTH DATA ELEMENTS--GENERAL INFORMATION | |
| fixed length control field | 141204s2012 ii a||| | |||1 ||eng d |
| 020 ## - INTERNATIONAL STANDARD BOOK NUMBER | |
| International Standard Book Number | 9780198069843 (pbk.) |
| 035 ## - SYSTEM CONTROL NUMBER | |
| System control number | (StEdALDL)1/3120703 |
| -- | (BD-RjUL)19242 |
| 040 ## - CATALOGING SOURCE | |
| Original cataloging agency | StEdALDL |
| Language of cataloging | eng |
| Description conventions | rda |
| Transcribing agency | StEdALDL |
| Modifying agency | BD-RjUL |
| 041 ## - LANGUAGE CODE | |
| Language code of text/sound track or separate title | eng |
| 082 ## - DEWEY DECIMAL CLASSIFICATION NUMBER | |
| Classification number | 658.84 |
| Author mark and year | KUE 2012 |
| 100 ## - MAIN ENTRY--PERSONAL NAME | |
| Personal name | Kulkarni, Parag |
| 9 (RLIN) | 114536 |
| 245 00 - TITLE STATEMENT | |
| Title | E-business / |
| Statement of responsibility, etc. | Parag Kulkarni, Sunita Jahirabadkar, Pradip Chande. |
| 260 ## - PUBLICATION, DISTRIBUTION, ETC. (IMPRINT) | |
| Place of publication, distribution, etc. | New Delhi : |
| Name of publisher, distributor, etc. | India Oxford University Press, |
| Date of publication, distribution, etc. | 2012. |
| 300 ## - PHYSICAL DESCRIPTION | |
| Pagination | 452 p. : |
| Illustrations | ill.; |
| Size | 24 cm. |
| 500 ## - GENERAL NOTE | |
| General note | Includes index. |
| 650 ## - SUBJECT ADDED ENTRY--TOPICAL TERM | |
| Topical term or geographic name as entry element | Electronic commerce. |
| 9 (RLIN) | 114537 |
| Topical term or geographic name as entry element | Business enterprises |
| General subdivision | Computer networks. |
| 9 (RLIN) | 114538 |
| 700 ## - ADDED ENTRY--PERSONAL NAME | |
| Personal name | Jahirabadkar, Sunita |
| Personal name | Chande, Pradip |
| 942 ## - ADDED ENTRY ELEMENTS (KOHA) | |
| Source of classification or shelving scheme | Dewey Decimal Classification |
| Koha item type | Books |
| Lost status | Source of classification or shelving scheme | Damaged status | Not for loan | Collection code | Permanent Location | Current Location | Shelving location | Date acquired | Source of acquisition | Cost, normal purchase price | Total Checkouts | Full call number | Date last seen | Copy number | Koha item type |
|---|---|---|---|---|---|---|---|---|---|---|---|---|---|---|---|
| Dewey Decimal Classification | Not For Loan | Non-fiction | Central Library, University of Rajshahi | Central Library, University of Rajshahi | Reading Room | 22/07/2014 | Chittagong, Battighar | 655.50 | 658.84 KUE 2012 | 04/12/2014 | C-1 | Books |